书目信息 |
| 题名: |
实验室光学仪器
|
|
| 作者: | 诺维茨基 主编 ;朱源宏 译 | |
| 分册: | ||
| 出版信息: | 北京 计量出版社 1986.3 |
|
| 页数: | 526页 | |
| 开本: | 20cm | |
| 丛书名: | ||
| 单 册: | ||
| 中图分类: | TH74 | |
| 科图分类: | ||
| 主题词: | 光学仪器 | |
| 电子资源: | ||
| ISBN: | ||
| 000 | 00608nam0 2200205 45 | |
| 001 | 0312221749 | |
| 005 | 20060322170053.09 | |
| 010 | @dCNY3.85 | |
| 091 | @a15210.484 | |
| 100 | @a20031222d1986 km y0chiy0120 ea | |
| 101 | @achi@crus | |
| 200 | 1 | @a实验室光学仪器@AShi Yan Shi Guang Xue Yi Qi@f(苏)Л·А·诺维茨基主编@F(su)Л·А·nuo wei ci ji zhu bian@g朱源宏等译 |
| 210 | @a北京@c计量出版社@d1986.3 | |
| 215 | @a526页@d20cm | |
| 606 | 0 | @a光学仪器 |
| 690 | @aTH74@v3 | |
| 701 | 0 | @a诺维茨基@Anuo wei ci ji@4主编 |
| 702 | 0 | @a朱源宏@4译 |
| 801 | @aCN@bTSTCL@c20060322 | |
| 905 | @dTH74@e16@f2@b151237-238 | |
| 实验室光学仪器/(苏)Л·А·诺维茨基主编/朱源宏等译.-北京:计量出版社,1986.3 |
| 526页;20cm |
| ISBN :CNY3.85 |
| ● |
| 相关链接 |
|
|
|
|
正题名:实验室光学仪器
索取号:TH74/16
 
预约/预借
| 序号 | 登录号 | 条形码 | 馆藏地/架位号 | 状态 | 备注 |
| 1 | 0151235 | 202216921 | 密集书库/ [索取号:TH74/16] | 在馆 | |
| 2 | 0151236 | 202216912 | 密集书库/ [索取号:TH74/16] | 在馆 | |
| 3 | 0151237 | 001365819 | 第二样本阅览室/ [索取号:TH74/16] | 在馆 | |
| 4 | 0151238 | 001365855 | 第三借阅区/ [索取号:TH74/16] | 在馆 | |
| 5 | 0151239 | 202216903 | 密集书库/ [索取号:TH74/16] | 在馆 |